00656nam a2200193Ia 4500003000900000008004100009020001400050040001600064080001800080100002500098245009000123260003800213300001000251650004100261650002100302942000700323999001500330952011700345IN-BaIIA211028s9999 xx 000 0 eng d a0542-5778 cIIA Library a058(540)bMAT aMathew, K. M.911209 0aManorama year book 1990c K. M. Mathew  aKottayambMalayala Manoramac1990 a729p. aAstronomy and Astrophysics Thesaurus aYear book911210 cBK c9817d9817 00104070aBANbBANcGENd0000-00-00g35.00l0o058(540)/ MATp10727r2021-11-05v35.00w0000-00-00yBKGRs. 35